<?xml version="1.0" encoding="UTF-8"?><?xml-stylesheet type="text/xsl" href="static/style.xsl"?><OAI-PMH xmlns="http://www.openarchives.org/OAI/2.0/" xmlns:xsi="http://www.w3.org/2001/XMLSchema-instance" xsi:schemaLocation="http://www.openarchives.org/OAI/2.0/ http://www.openarchives.org/OAI/2.0/OAI-PMH.xsd"><responseDate>2026-06-07T16:09:02Z</responseDate><request verb="GetRecord" identifier="oai:docta.ucm.es:20.500.14352/14777" metadataPrefix="marc">https://docta.ucm.es/rest/oai/request</request><GetRecord><record><header><identifier>oai:docta.ucm.es:20.500.14352/14777</identifier><datestamp>2023-09-28T13:38:27Z</datestamp><setSpec>com_20.500.14352_1</setSpec><setSpec>col_20.500.14352_5</setSpec></header><metadata><record xmlns="http://www.loc.gov/MARC21/slim" xmlns:dcterms="http://purl.org/dc/terms/" xmlns:xsi="http://www.w3.org/2001/XMLSchema-instance" xmlns:doc="http://www.lyncode.com/xoai" xsi:schemaLocation="http://www.loc.gov/MARC21/slim http://www.loc.gov/standards/marcxml/schema/MARC21slim.xsd">
   <leader>00925njm 22002777a 4500</leader>
   <datafield ind2=" " ind1=" " tag="042">
      <subfield code="a">dc</subfield>
   </datafield>
   <datafield ind2=" " ind1=" " tag="720">
      <subfield code="a">Jiménez Escobar, María Dolores</subfield>
      <subfield code="e">author</subfield>
   </datafield>
   <datafield ind2=" " ind1=" " tag="720">
      <subfield code="a">Delgado Sáez, Juan Antonio</subfield>
      <subfield code="e">author</subfield>
   </datafield>
   <datafield ind2=" " ind1=" " tag="720">
      <subfield code="a">Barandica Fernández, Jesús María</subfield>
      <subfield code="e">author</subfield>
   </datafield>
   <datafield ind2=" " ind1=" " tag="720">
      <subfield code="a">Serrano Talavera, José Manuel</subfield>
      <subfield code="e">author</subfield>
   </datafield>
   <datafield ind2=" " ind1=" " tag="720">
      <subfield code="a">Hernández Pazmiño, Nathalia</subfield>
      <subfield code="e">author</subfield>
   </datafield>
   <datafield ind2=" " ind1=" " tag="720">
      <subfield code="a">Betanska, Agata</subfield>
      <subfield code="e">author</subfield>
   </datafield>
   <datafield ind2=" " ind1=" " tag="720">
      <subfield code="a">Díaz Carro, Miguel</subfield>
      <subfield code="e">author</subfield>
   </datafield>
   <datafield ind2=" " ind1=" " tag="720">
      <subfield code="a">Soneira Martínez, Fernando</subfield>
      <subfield code="e">author</subfield>
   </datafield>
   <datafield ind2=" " ind1=" " tag="260">
      <subfield code="c">2018-12-12</subfield>
   </datafield>
   <datafield ind2=" " ind1=" " tag="520">
      <subfield code="a">En el presente proyecto, se aborda e ilustra de un modo sencillo el estudio del cambio climático dentro de la asignatura de Ecología y asignaturas relacionadas. En este tema, los estudiantes deben superar la dificultad de entender que el cambio climático es un proceso a nivel planetario, con consecuencias detectables a nivel local. Para facilitar la compresión de éstos conceptos podemos simular de manera experimental un aumento de temperatura a nivel de parcela y estudiar cómo se pueden ver afectados algunos de los procesos esenciales que rigen la dinámica de las comunidades biológicas y el funcionamiento de los ecosistemas a pequeña escala. Con dicho propósito en el presente proyecto de innovación docente se proyectó la instalación de OTCs (Open Top Chamber) en el Real Jardín Botánico Alfonso XIII, para facilitar la monitorización por parte de los alumnos de variables ambientales sensibles al cambio climático y poder realizar pequeños experimentos que permitieran abordar trabajos de investigación, trabajos fin de grado e, incluso, trabajos fin de máster.</subfield>
   </datafield>
   <datafield ind2=" " ind1=" " tag="520">
      <subfield code="a">In order to improve the knowledge of processes related to the climate change for the students, we installed 8 OTCs (Open top Chambers) that increase the mean temperature inside, according the hexagon chamber described in Marion et al 1997.
This types of devices can manipulating field temperate and so are suitable for researching the effect of warming on ecological process. Accordingly, the students can carry out their our experiments in the Campus of their University (UCM).</subfield>
   </datafield>
   <datafield ind1="8" ind2=" " tag="024">
      <subfield code="a">https://hdl.handle.net/20.500.14352/14777</subfield>
   </datafield>
   <datafield ind1="8" ind2=" " tag="024">
      <subfield code="a">295</subfield>
   </datafield>
   <datafield ind2="0" ind1="0" tag="245">
      <subfield code="a">Laboratorio de cambio climático</subfield>
   </datafield>
</record></metadata></record></GetRecord></OAI-PMH>